Goya, La Tirana / (Record no. 196272)

MARC details
000 -LEADER
campo de control de longitud fija 03038nam a2200457 i 4500
001 - NÚMERO DE CONTROL
campo de control 196272
003 - IDENTIFICADOR DE NÚMERO DE CONTROL
campo de control ES-MaACL
005 - FECHA Y HORA DE LA ÚLTIMA TRANSACCIÓN
campo de control 20250825161049.0
008 - DATOS DE LONGITUD FIJA--INFORMACIÓN GENERAL
campo de control de longitud fija 240823s2021 sp a | |||| 000 0dspa
015 ## - NÚMERO DE BIBLIOGRAFÍA NACIONAL
Número de bibliografía nacional MON21
017 ## - NÚMERO DE COPYRIGHT O DE DEPÓSITO LEGAL
Número de copyright o de depósito legal M 885-2021
Agencia que asigna Oficina Depósito Legal Madrid
020 ## - NÚMERO INTERNACIONAL ESTÁNDAR DEL LIBRO
Número Internacional Estándar del Libro 9788470756696
035 ## - NÚMERO DE CONTROL DEL SISTEMA
Número de control de sistema (SpMaBN)a6923204
035 ## - NÚMERO DE CONTROL DEL SISTEMA
Número de control de sistema 991036111749708606
040 ## - FUENTE DE CATALOGACIÓN
Centro catalogador/agencia de origen SpMaBN
Lengua de catalogación spa
Centro/agencia transcriptor SpMaBN
Normas de descripción rda
Centro/agencia modificador ES-MaACL
080 ## - NÚMERO DE LA CLASIFICACIÓN DECIMAL UNIVERSAL
Número de la Clasificación Decimal Universal 75 Goya, Francisco de (083.824)
080 ## - NÚMERO DE LA CLASIFICACIÓN DECIMAL UNIVERSAL
Número de la Clasificación Decimal Universal 75 Goya, Francisco de. Tirana (083.824)
080 ## - NÚMERO DE LA CLASIFICACIÓN DECIMAL UNIVERSAL
Número de la Clasificación Decimal Universal 929 Tirana, María del Rosario Fernández (0:75)(083.824)
245 00 - MENCIÓN DEL TÍTULO
Título Goya, La Tirana /
Mención de responsabilidad, etc. con textos de María Zozaya Álvarez, Joaquín Álvarez Barrientos, Miguel Ángel Marín y un apéndice técnico
264 #1 - PRODUCCIÓN, PUBLICACIÓN, DISTRIBUCIÓN, FABRICACIÓN Y COPYRIGHT
Producción, publicación, distribución, fabricación y copyright Madrid :
Nombre del de productor, editor, distribuidor, fabricante Fundación Juan March,
Fecha de producción, publicación, distribución, fabricación o copyright 2021.
300 ## - DESCRIPCIÓN FÍSICA
Extensión 107 páginas :
Otras características físicas ilustraciones (blanco y negro y color) ;
Dimensiones 23 cm.
336 ## - TIPO DE CONTENIDO
Término de tipo de contenido Texto
-- Imagen fija
Fuente rdacontent
337 ## - TIPO DE MEDIO
Nombre/término del tipo de medio sin mediación
Fuente rdamedia
338 ## - TIPO DE SOPORTE
Nombre/término del tipo de soporte volumen
Fuente rdacarrier
500 ## - NOTA GENERAL
Nota general Exposición: Fundación Juan March, Madrid, del 28 de mayo al 18 de julio de 2021
500 ## - NOTA GENERAL
Nota general Incluye apéndice documental
504 ## - NOTA DE BIBLIOGRAFÍA, ETC.
Nota de bibliografía, etc. Bibliografía: páginas 103-107
520 ## - RESUMEN, ETC.
Sumario, etc. La sala pequeña de exposiciones de la Fundación presenta el retrato de Francisco de Goya (1746-1828) de la famosa actriz María del Rosario Fernández (1755-1803), apodada "La Tirana" y contemporánea del artista.Goya la retrató en 1794, un momento de la vida del pintor en el que la novedad de planteamientos estéticos y artísticos, junto con su habilidad para captar la esencia interior del personaje, le habían convertido en el retratista más cotizado entre la realeza, la aristocracia y la nueva burguesía ilustrada. Debió conocer a la actriz precisamente a través de dos destacados miembros de esos círculos, la duquesa de Alba y Leandro Fernández de Moratín.La Tirana, personaje representativo de los cambios y reformas experimentados en el teatro español durante esos años --tanto en el modo de actuar como en el comportamiento del público-- supo adaptar al gusto del momento las novedades del arte de la declamación, con una mezcla de maneras que la convirtió en una de las principales actrices de la escena madrileña en las últimas décadas del siglo.
600 10 - PUNTO DE ACCESO ADICIONAL DE MATERIA--NOMBRE DE PERSONA
Nombre de persona Goya, Francisco de,
Fechas asociadas al nombre 1746-1828-
Subdivisión de forma Exposiciones
9 (RLIN) 240354
600 14 - PUNTO DE ACCESO ADICIONAL DE MATERIA--NOMBRE DE PERSONA
Nombre de persona Fernández, María del Rosario,
Fechas asociadas al nombre 1755-1803
9 (RLIN) 172517
655 #7 - TERMINO DE INDIZACIÓN--GENERO/FORMA
Datos o término principal de género/forma Catálogos de exposiciones
Fuente del término tgfbne
9 (RLIN) 193628
700 1# - ENTRADA AGREGADA--NOMBRE PERSONAL
Nombre de persona Zozaya Álvarez, María
9 (RLIN) 144199
Término indicativo de función/relación Autor
700 1# - ENTRADA AGREGADA--NOMBRE PERSONAL
Nombre de persona Álvarez Barrientos, Joaquín
Término indicativo de función/relación Autor
9 (RLIN) 20704
700 ## - ENTRADA AGREGADA--NOMBRE PERSONAL
Nombre de persona Marín, Miguel Ángel,
Fechas asociadas al nombre 1972-
9 (RLIN) 238611
Término indicativo de función/relación Autor
710 2# - ENTRADA AGREGADA--NOMBRE DE ENTIDAD CORPORATIVA
Nombre de entidad corporativa o nombre de jurisdicción como elemento de entrada Fundación Juan March
9 (RLIN) 4346
852 ## - LOCALIZACIÓN
Ubicación ES-MaACL
Sublocalización o colección R.153120
Ubicación en estantería Depósito J
Número de control de estantería N-9326
Donativo/Legado Donación: Editorial
Encuadernación Encuadernación rústica con solapas
itemnumber 205397
914 ## - NOMBRE ENTIDAD DE DONANTE
Nombre de congreso/reunión o jurisdicción como elemento de entrada Fundación Juan March
Unidad subordinada Donante
RLIN 4346
942 ## - ELEMENTOS DE ENTRADA SECUNDARIOS (KOHA)
Tipo de ítem Koha Libro impreso
Suprimir en OPAC No
Holdings
Estatus retirado Estado de pérdida Fuente del sistema de clasificación o colocación Estado de daño No para préstamo Biblioteca de origen Biblioteca actual Ubicación en estantería Fecha de adquisición Fuente de adquisición Total de préstamos Signatura topográfica completa Código de barras Visto por última vez Precio de reemplazo Tipo de ítem Koha
    Clasificación decimal universal     Biblioteca del Ateneo de Madrid Biblioteca del Ateneo de Madrid Depósito J 10/05/2025 Donación   N-9326 101230049 10/05/2025 10/05/2025 Libro impreso